01014cam a2200265 a 450000100100000000500170001000800410002703500190006804000300008708200180011710000320013524500920016726000400025930000280029950400670032765000440039465000310043865000340046965000280050370000350053191000340056604900090060095201220060999900170073100001804120200929165329.0910726s1990 cu a b 001 0 spa d a(DLC) 91176676 aDO-SdBNPbspacDLCdBNPHU a927.91bB516g1 aBermúdez, Jorge R.93911310aDe Gutenberg a Landaluze :bensayo /cJorge R. Bermúdez ; edición Georgina Pérez. aLa Habana :bLetras Cubanas,c1990. a274 p. :bil. ;c18 cm. aIncluye índice y referencias bibliográficas: (p. 252-263). 4aArtistas cubanosySIGLO XV-XVIII939114 4aArte colonialzCuba939115 4aArtistasxBiografías939116 4aPintura colonial9391171 aPérez, Georgina,eed.939118 aCatalogación por copia / LC aBNGR 001054708MOaGRbGRcCTd2010-04-12iLF1l0o927.91 B516gp18041-10r2020-06-25w2020-06-25y4ZPréstamo en sala c17563d17563